[Event "7. Festival Benidorm 2008 - Sub-2000"]
[Site "Benidorm ESP"]
[Date "2008.12.01"]
[Round "3.8"]
[White "De Anna, Franco"]
[Black "Iglesias Fernandez, Luis"]
[Result "0-1"]
[WhiteElo "1948"]
[BlackElo "1925"]
[PlyCount "64"]
[EventDate "2008.11.29"]
[EventRounds "9"]
[EventCountry "ESP"]
[Source "lmi"]
[SourceDate "2008.11.29"]

1. d4 Nf6 2. Nf3 g6 3. Bf4 Bg7 4. e3 O-O 5. h3 d6 6. Nbd2 Nbd7 7. Bh2 Qe8 8.
Be2 e5 9. dxe5 dxe5 10. O-O c6 11. Nc4 Nd5 12. Nd6 Qe7 13. Nxc8 Raxc8 14. c3
Rcd8 15. Qc2 e4 16. Nd4 f5 17. Rfe1 Be5 18. a4 Bxh2+ 19. Kxh2 Qe5+ 20. Kg1 Rf6
21. a5 g5 22. a6 b5 23. c4 bxc4 24. Bxc4 g4 25. hxg4 fxg4 26. Bxd5+ cxd5 27.
Nc6 Qh5 28. Nxd8 Rh6 29. Kf1 g3 30. Qd1 Qf5 31. f4 exf3 32. gxf3 Rh1+ 0-1

[Event "7. Festival Benidorm 2008 - Sub-2000"]
[Site "Benidorm ESP"]
[Date "2008.12.01"]
[Round "3.9"]
[White "Beltran Garcia, Ruben"]
[Black "Martinez Rubi, Alberto"]
[Result "1/2-1/2"]
[WhiteElo "1984"]
[BlackElo "1999"]
[PlyCount "55"]
[EventDate "2008.11.29"]
[EventRounds "9"]
[EventCountry "ESP"]
[Source "lmi"]
[SourceDate "2008.11.29"]

1. c4 d6 2. Nc3 e5 3. g3 c6 4. Bg2 Be7 5. Nf3 f5 6. d3 Nf6 7. O-O O-O 8. b4 a5
9. b5 Qe8 10. Qb3 Kh8 11. c5 Nbd7 12. bxc6 Nxc5 13. cxb7 Bxb7 14. Qc2 Rc8 15.
Bd2 Qh5 16. Rab1 Ng4 17. h3 Bxf3 18. hxg4 Bxg4 19. f3 Bh3 20. Nd5 Bg5 21. Rfc1
f4 22. g4 Bxg4 23. fxg4 Qxg4 24. Qd1 Bh4 25. Qf1 f3 26. Rc4 f2+ 27. Kh1 Qh5 28.
Bh3 1/2-1/2

[Event "7. Festival Benidorm 2008 - Sub-2000"]
[Site "Benidorm ESP"]
[Date "2008.12.01"]
[Round "3.11"]
[White "Sanchez Lopez, Diego"]
[Black "Martinez Garcia, Lluis"]
[Result "1-0"]
[WhiteElo "1983"]
[BlackElo "1903"]
[PlyCount "67"]
[EventDate "2008.11.29"]
[EventRounds "9"]
[EventCountry "ESP"]
[Source "lmi"]
[SourceDate "2008.11.29"]

1. d4 d5 2. Nf3 Nf6 3. c3 e6 4. Bg5 Be7 5. Nbd2 O-O 6. e3 Nbd7 7. Bd3 c5 8. Rc1
c4 9. Bb1 h6 10. Bh4 b5 11. Qc2 g6 12. Bg3 Re8 13. Ne5 Nxe5 14. dxe5 Nd7 15.
Nf3 b4 16. Nd4 Qb6 17. Qe2 bxc3 18. bxc3 Ba3 19. Rd1 Bb2 20. O-O Bxc3 21. Qg4
Kg7 22. h4 h5 23. Qg5 Bxd4 24. exd4 Qd8 25. Qe3 Ba6 26. Bf4 Rc8 27. Bh6+ Kh7
28. Bg5 Qc7 29. Qf3 Rf8 30. Qxh5+ Kg8 31. Qh6 f5 32. Qxg6+ Kh8 33. Qh6+ Kg8 34.
Qxe6+ 1-0

[Event "7. Festival Benidorm 2008 - Sub-2000"]
[Site "Benidorm ESP"]
[Date "2008.12.01"]
[Round "3.12"]
[White "Salgado Gonzalez, Julio"]
[Black "Cebolla Moll, Ricardo"]
[Result "1-0"]
[WhiteElo "1905"]
[BlackElo "1983"]
[PlyCount "53"]
[EventDate "2008.11.29"]
[EventRounds "9"]
[EventCountry "ESP"]
[Source "lmi"]
[SourceDate "2008.11.29"]

1. d4 Nf6 2. Bf4 g6 3. e3 Bg7 4. h3 c5 5. c3 Qb6 6. Na3 cxd4 7. exd4 a6 8. Nc4
Qe6+ 9. Be2 b5 10. Ne3 Bb7 11. Nf3 Nd5 12. Nxd5 Bxd5 13. O-O O-O 14. b3 h6 15.
Rc1 Rc8 16. Re1 Qb6 17. Bd3 e6 18. Ne5 d6 19. Ng4 g5 20. Be3 Qb7 21. f3 f5 22.
Nh2 Nd7 23. Bf2 Nb6 24. Qe2 Qf7 25. c4 bxc4 26. bxc4 Bb7 27. Qxe6 1-0

[Event "7. Festival Benidorm 2008 - Sub-2000"]
[Site "Benidorm ESP"]
[Date "2008.12.01"]
[Round "3.13"]
[White "Maseda Iglesias, Luis"]
[Black "Hall, Rachid"]
[Result "0-1"]
[WhiteElo "1896"]
[BlackElo "1981"]
[PlyCount "94"]
[EventDate "2008.11.29"]
[EventRounds "9"]
[EventCountry "ESP"]
[Source "lmi"]
[SourceDate "2008.11.29"]

1. d4 e6 2. c4 f5 3. g3 Nf6 4. Bg2 Be7 5. Nc3 c6 6. Nf3 O-O 7. Bg5 h6 8. Bxf6
Bxf6 9. e3 d6 10. O-O Qe8 11. e4 Qh5 12. e5 Be7 13. exd6 Bxd6 14. Ne5 Qg5 15.
f4 Qf6 16. Qh5 Bxe5 17. dxe5 Qe7 18. Qe2 b6 19. Nb5 Qc5+ 20. Kh1 Na6 21. Nd6
Rb8 22. a3 b5 23. b4 Qb6 24. c5 Qc7 25. Rad1 Bd7 26. Qa2 Qd8 27. Rd2 Nc7 28.
Rfd1 Nd5 29. Bxd5 cxd5 30. Rd4 Bc6 31. Qe2 Kh7 32. Qh5 g6 33. Qh3 a5 34. g4
axb4 35. gxf5 gxf5 36. axb4 Ra8 37. Qh5 Qe7 38. Rg1 Rg8 39. Rxg8 Rxg8 40. Nf7
Rg6 41. Ng5+ Kg7 42. Nf3 Qa7 43. Qh4 Qa3 44. Qf2 Qc3 45. Qf1 Qe3 46. Rd3 Qxf4
47. Ra3 d4 0-1

[Event "7. Festival Benidorm 2008 - Sub-2000"]
[Site "Benidorm ESP"]
[Date "2008.12.01"]
[Round "3.14"]
[White "Fardbehbahani, B."]
[Black "Gallardo Perez, Jesus"]
[Result "1-0"]
[WhiteElo "1979"]
[BlackElo "1875"]
[PlyCount "77"]
[EventDate "2008.11.29"]
[EventRounds "9"]
[EventCountry "ESP"]
[Source "lmi"]
[SourceDate "2008.11.29"]

1. d4 d5 2. c4 c6 3. cxd5 cxd5 4. Nf3 Nf6 5. g3 Nc6 6. Bg2 e6 7. O-O Be7 8. Nc3
O-O 9. Bg5 h6 10. Bf4 a6 11. Rc1 Bd7 12. a3 Rc8 13. Qd3 Na5 14. Ne5 b5 15. Rc2
Nc4 16. Rfc1 g5 17. Bd2 Bd6 18. Nf3 a5 19. Nb1 Ne4 20. Be1 b4 21. axb4 axb4 22.
b3 Na3 23. Rxc8 Bxc8 24. Nxa3 bxa3 25. b4 a2 26. Qa3 Qe7 27. Ne5 Bb7 28. Qxa2
Ra8 29. Qb2 Ra4 30. Nd3 Ba6 31. Nc5 Bxc5 32. dxc5 Bc4 33. Bxe4 Ra2 34. Qc3 Qa7
35. Bd3 Ra3 36. Qd4 Bxd3 37. exd3 Qa6 38. Bc3 Rb3 39. Qg7# 1-0

[Event "7. Festival Benidorm 2008 - Sub-2000"]
[Site "Benidorm ESP"]
[Date "2008.12.01"]
[Round "3.15"]
[White "Olmos Rosa, Fernando"]
[Black "Tonus, Alex"]
[Result "0-1"]
[WhiteElo "1875"]
[BlackElo "1971"]
[PlyCount "68"]
[EventDate "2008.11.29"]
[EventRounds "9"]
[EventCountry "ESP"]
[Source "lmi"]
[SourceDate "2008.11.29"]

1. e4 c5 2. Nc3 d6 3. f4 g6 4. Nf3 Bg7 5. g3 e6 6. Be2 Ne7 7. d3 Nbc6 8. O-O
O-O 9. Be3 Nd4 10. Qd2 Rb8 11. Rae1 b5 12. Nd1 d5 13. e5 Nef5 14. Bf2 Nxf3+ 15.
Bxf3 d4 16. Re2 Bb7 17. Bxb7 Rxb7 18. Qe1 h5 19. h3 Qd5 20. Kh2 Qxa2 21. g4
hxg4 22. hxg4 Nh6 23. Bh4 Nxg4+ 24. Kg3 Nh6 25. Bf6 Nf5+ 26. Kg4 Qd5 27. c4
bxc4 28. dxc4 Nh6+ 29. Kg3 Rb3+ 30. Nc3 Qxc4 31. Rh1 dxc3 32. Rxh6 cxb2+ 33.
Kg4 b1=Q 34. Reh2 Qf5+ 0-1

[Event "7. Festival Benidorm 2008 - Sub-2000"]
[Site "Benidorm ESP"]
[Date "2008.12.01"]
[Round "3.17"]
[White "Cartagena Sanchez, Javier"]
[Black "Perera Borrego, Mariela"]
[Result "0-1"]
[WhiteElo "1963"]
[BlackElo "1856"]
[PlyCount "102"]
[EventDate "2008.11.29"]
[EventRounds "9"]
[EventCountry "ESP"]
[Source "lmi"]
[SourceDate "2008.11.29"]

1. e4 d6 2. d4 Nf6 3. Bd3 e5 4. c3 Be7 5. h3 Nbd7 6. Nf3 O-O 7. O-O d5 8. dxe5
dxe4 9. exf6 Nxf6 10. Be2 exf3 11. Bxf3 c6 12. Qb3 Qb6 13. Nd2 Be6 14. Qxb6
axb6 15. a3 Rfd8 16. Ne4 Nxe4 17. Bxe4 Bb3 18. Bf4 Ra4 19. Rfe1 f5 20. Bf3 Rd7
21. Be3 Bc5 22. Bxc5 bxc5 23. Bd1 c4 24. Bxb3 cxb3 25. Rad1 Re4 26. Rxd7 Rxe1+
27. Kh2 b5 28. Rd2 Kf7 29. Kg3 Ke6 30. Kf3 Rc1 31. Ke2 g5 32. Rd1 Rxd1 33. Kxd1
Ke5 34. Ke2 h5 35. Kf3 g4+ 36. hxg4 fxg4+ 37. Kg3 Ke4 38. Kh4 Kd3 39. Kxh5 Kc2
40. Kxg4 Kxb2 41. f4 Kxc3 42. Kg5 b2 43. g4 b1=Q 44. f5 Kd4 45. Kf6 Qe1 46. g5
Qe8 47. Kg7 Qe7+ 48. Kh6 Ke5 49. f6 Qf8+ 50. Kg6 Qg8+ 51. Kh6 Kf5 0-1

[Event "7. Festival Benidorm 2008 - Sub-2000"]
[Site "Benidorm ESP"]
[Date "2008.12.01"]
[Round "3.18"]
[White "Garcia Clemente, Julian Francisco"]
[Black "Calderon Campos, Jose Carlos"]
[Result "1/2-1/2"]
[WhiteElo "1963"]
[BlackElo "1846"]
[PlyCount "42"]
[EventDate "2008.11.29"]
[EventRounds "9"]
[EventCountry "ESP"]
[Source "lmi"]
[SourceDate "2008.11.29"]

1. d4 f5 2. c4 d6 3. g3 Nf6 4. Nc3 g6 5. Bg2 Bg7 6. Nf3 c6 7. O-O O-O 8. a3 Na6
9. b4 Nc7 10. e3 h6 11. Bb2 Be6 12. Qe2 Rb8 13. Nd2 Bf7 14. e4 fxe4 15. Ncxe4
Nxe4 16. Nxe4 d5 17. cxd5 Nxd5 18. Nc5 Qd6 19. Ne4 Qd8 20. Nc5 Qd6 21. Ne4 Qd8
1/2-1/2

[Event "7. Festival Benidorm 2008 - Sub-2000"]
[Site "Benidorm ESP"]
[Date "2008.12.01"]
[Round "3.19"]
[White "Harutyunyan, Tigran"]
[Black "Rios Torondell, Jaume"]
[Result "1/2-1/2"]
[WhiteElo "1858"]
[BlackElo "1961"]
[PlyCount "48"]
[EventDate "2008.11.29"]
[EventRounds "9"]
[EventCountry "ESP"]
[Source "lmi"]
[SourceDate "2008.11.29"]

1. d4 e6 2. c4 Nf6 3. Nc3 Bb4 4. a3 Bxc3+ 5. bxc3 c5 6. f3 d5 7. cxd5 exd5 8.
e3 c4 9. Ne2 Qc7 10. Qc2 O-O 11. Nf4 Re8 12. Kf2 g5 13. Ne2 h5 14. h4 g4 15.
Ng3 Kh8 16. Bd2 Rg8 17. Rg1 Nc6 18. Re1 Bd7 19. e4 gxf3 20. gxf3 dxe4 21. fxe4
Ng4+ 22. Ke2 Nh2 23. Kf2 Ng4+ 24. Ke2 Nh2 1/2-1/2

[Event "7. Festival Benidorm 2008 - Sub-2000"]
[Site "Benidorm ESP"]
[Date "2008.12.01"]
[Round "3.22"]
[White "Fernandez Rodriguez, Jose Antonio"]
[Black "Marquez Ortiz De Zarate, Alberto"]
[Result "0-1"]
[WhiteElo "1957"]
[BlackElo "1755"]
[PlyCount "92"]
[EventDate "2008.11.29"]
[EventRounds "9"]
[EventCountry "ESP"]
[Source "lmi"]
[SourceDate "2008.11.29"]

1. e4 d5 2. exd5 Qxd5 3. Nc3 Qa5 4. Nf3 Nf6 5. Bc4 c6 6. d4 Bf5 7. O-O e6 8.
Re1 Be7 9. Bd2 Qc7 10. Ne2 Nbd7 11. Ng3 Bg4 12. h3 Bxf3 13. Qxf3 O-O 14. Bd3
Bd6 15. Ne4 Nxe4 16. Rxe4 Rfe8 17. Rh4 g6 18. Re1 Nf8 19. Bh6 f5 20. Bc4 Be7
21. Rxe6 Nxe6 22. Bxe6+ Kh8 23. d5 Bf6 24. Rc4 Qe7 25. Bd2 Rad8 26. Bb4 Qg7 27.
g4 cxd5 28. Bxd5 Rd7 29. Rf4 Be5 30. c4 Bxf4 31. Qxf4 Qxb2 32. Bc5 Qb1+ 33. Kg2
Rxd5 34. cxd5 Qe4+ 35. Qxe4 fxe4 36. d6 Rd8 37. g5 Kg8 38. Kg3 Kf7 39. Kf4 b6
40. Ba3 Ke6 41. Kxe4 Rc8 42. Kd3 a5 43. f4 b5 44. h4 b4 45. f5+ Kxf5 46. Bb2
Ke6 0-1

[Event "7. Festival Benidorm 2008 - Sub-2000"]
[Site "Benidorm ESP"]
[Date "2008.12.01"]
[Round "3.23"]
[White "Quesada Torreglosa, David"]
[Black "Santos Izquierdo, Carlos"]
[Result "1/2-1/2"]
[WhiteElo "1956"]
[BlackElo "1709"]
[PlyCount "61"]
[EventDate "2008.11.29"]
[EventRounds "9"]
[EventCountry "ESP"]
[Source "lmi"]
[SourceDate "2008.11.29"]

1. e4 d6 2. d4 Nf6 3. Nc3 g6 4. Nf3 c6 5. Bg5 Bg7 6. Qd2 b5 7. a3 a6 8. Be2 Qc7
9. Rd1 Nbd7 10. O-O O-O 11. Bh6 c5 12. Bxg7 Kxg7 13. dxc5 Nxc5 14. Nd5 Nxd5 15.
exd5 Ne4 16. Qd4+ Nf6 17. Ne1 Qc5 18. Qxc5 dxc5 19. Nd3 Bb7 20. Nxc5 Bxd5 21.
Nd7 Nxd7 22. Rxd5 Nf6 23. Rd4 Rfd8 24. Rfd1 Rxd4 25. Rxd4 Rc8 26. c3 Rc7 27. a4
e5 28. Rd6 bxa4 29. Rxa6 Rb7 30. Rxa4 Rxb2 31. Bf1 1/2-1/2

[Event "7. Festival Benidorm 2008 - Sub-2000"]
[Site "Benidorm ESP"]
[Date "2008.12.01"]
[Round "3.24"]
[White "Ibanez Guillen, Enrique"]
[Black "Rico Sanchez, Julio"]
[Result "1-0"]
[WhiteElo "1836"]
[BlackElo "1956"]
[PlyCount "73"]
[EventDate "2008.11.29"]
[EventRounds "9"]
[EventCountry "ESP"]
[Source "lmi"]
[SourceDate "2008.11.29"]

1. d4 Nf6 2. Nc3 d5 3. Bg5 Nbd7 4. Nf3 h6 5. Bh4 e6 6. e3 Be7 7. Bd3 c5 8. O-O
O-O 9. Re1 b6 10. h3 Bb7 11. Bg3 Ne4 12. Bxe4 dxe4 13. Ne5 Nxe5 14. Bxe5 Bf6
15. Bxf6 Qxf6 16. dxc5 Rfd8 17. Qg4 Rd2 18. Re2 Rad8 19. cxb6 axb6 20. Rae1 Qe5
21. Qf4 Qd6 22. Rxd2 Qxd2 23. Rd1 Qxd1+ 24. Nxd1 Rxd1+ 25. Kh2 Bd5 26. b3 f6
27. Qb8+ Kh7 28. c4 Bc6 29. Qxb6 Be8 30. Qxe6 Bg6 31. a4 Rf1 32. Kg3 h5 33. h4
f5 34. c5 f4+ 35. exf4 e3 36. fxe3 Bc2 37. c6 1-0

[Event "7. Festival Benidorm 2008 - Sub-2000"]
[Site "Benidorm ESP"]
[Date "2008.12.01"]
[Round "3.30"]
[White "Perez Gutierrez, Nauzet"]
[Black "Fernandez Rubio, Rafael"]
[Result "1-0"]
[WhiteElo "1998"]
[BlackElo "1835"]
[PlyCount "81"]
[EventDate "2008.11.29"]
[EventRounds "9"]
[EventCountry "ESP"]
[Source "lmi"]
[SourceDate "2008.11.29"]

1. e4 d6 2. d4 Nf6 3. Nc3 g6 4. f4 Bg7 5. Nf3 O-O 6. Bd3 c6 7. e5 Ne8 8. Be3
Qc7 9. O-O Nd7 10. Qe1 Nb6 11. Qh4 f5 12. exf6 exf6 13. f5 g5 14. Qg4 Bd7 15.
Rae1 Kh8 16. Qh5 d5 17. Nxg5 h6 18. Nf7+ Rxf7 19. Qxf7 Nd6 20. Qh5 Be8 21. Qh4
Kh7 22. Bf4 Qd7 23. Re6 Ne4 24. Nxe4 dxe4 25. Rxe4 Bf7 26. Rfe1 Nd5 27. Bd2 b5
28. Rg4 Rh8 29. Qg3 Bh5 30. Rh4 Bf7 31. Re6 Re8 32. Rxe8 Bxe8 33. Qh3 h5 34. g4
Bf8 35. g5 fxg5 36. Bxg5 Kg8 37. Qg2 Kh8 38. Qe4 Qg7 39. Qe5 Qxe5 40. dxe5 Bc5+
41. Kg2 1-0

[Event "7. Festival Benidorm 2008 - Sub-2000"]
[Site "Benidorm ESP"]
[Date "2008.12.01"]
[Round "3.61"]
[White "Gutierrez Valero, Mario"]
[Black "Lopez Diaz, Rafael"]
[Result "1-0"]
[WhiteElo "1932"]
[BlackElo "1726"]
[PlyCount "53"]
[EventDate "2008.11.29"]
[EventRounds "9"]
[EventCountry "ESP"]
[Source "lmi"]
[SourceDate "2008.11.29"]

1. d4 d5 2. Nf3 Nf6 3. c4 c6 4. Qb3 e6 5. Bg5 Be7 6. Nc3 h6 7. Bh4 Nbd7 8. e3
Qc7 9. Bd3 b6 10. O-O Ba6 11. Rfd1 Rc8 12. cxd5 Bxd3 13. dxe6 Bf5 14. exd7+
Bxd7 15. e4 O-O 16. Rac1 Bg4 17. Bg3 Qd7 18. Qc4 Be6 19. Qe2 Rfd8 20. Ne5 Qb7
21. f4 g6 22. Qf3 Rc7 23. f5 Bc8 24. fxg6 fxg6 25. Nxg6 Bd6 26. Qxf6 Rg7 27.
Qxd8+ 1-0

[Event "7. Festival Benidorm 2008 - Sub-2000"]
[Site "Benidorm ESP"]
[Date "2008.12.02"]
[Round "4.1"]
[White "Lopez Garcia, Francisco Andres"]
[Black "Garcia Domingo, Jose Antonio"]
[Result "0-1"]
[WhiteElo "1995"]
[BlackElo "1938"]
[PlyCount "76"]
[EventDate "2008.11.29"]
[EventRounds "9"]
[EventCountry "ESP"]
[Source "lmi"]
[SourceDate "2008.11.29"]

1. e4 e6 2. d4 d5 3. Nc3 Nf6 4. Bg5 Be7 5. Bxf6 Bxf6 6. e5 Be7 7. Qg4 g6 8. h4
h5 9. Qf4 a6 10. Nf3 Nd7 11. Ng5 Bxg5 12. hxg5 c5 13. dxc5 Qc7 14. O-O-O Qxe5
15. Qxe5 Nxe5 16. Re1 d4 17. Rxe5 dxc3 18. b4 Bd7 19. Rh3 Bb5 20. Be2 O-O 21.
Rxc3 Rfd8 22. Bf3 Rab8 23. Re1 Rd4 24. a3 a5 25. Re4 Rd5 26. bxa5 Ba6 27. Rb4
Rxg5 28. c6 Rxa5 29. cxb7 Kg7 30. Rb6 g5 31. Rcc6 Bxb7 32. Rc7 Bxf3 33. Rxb8
Bxg2 34. Rb4 h4 35. Rg4 h3 36. f4 h2 37. fxg5 h1=Q+ 38. Kb2 Qh3 0-1

[Event "7. Festival Benidorm 2008 - Sub-2000"]
[Site "Benidorm ESP"]
[Date "2008.12.02"]
[Round "4.2"]
[White "Simo Bordoy, Guillermo"]
[Black "Wlogalski, Olivier"]
[Result "1/2-1/2"]
[WhiteElo "1983"]
[BlackElo "1938"]
[PlyCount "71"]
[EventDate "2008.11.29"]
[EventRounds "9"]
[EventCountry "ESP"]
[Source "lmi"]
[SourceDate "2008.11.29"]

1. Nf3 b6 2. g3 Bb7 3. Bg2 e6 4. O-O f5 5. c4 Nf6 6. Nc3 Be7 7. Rb1 O-O 8. b4
a6 9. d3 Qc8 10. Bd2 Nc6 11. a3 a5 12. b5 Nd8 13. Qb3 Nf7 14. Rfc1 Kh8 15. Na4
d6 16. Nd4 Bxg2 17. Kxg2 e5 18. Nc6 Qe8 19. Nc3 Nd8 20. Nxd8 Rxd8 21. Nd5 Rd7
22. f3 Bd8 23. Rf1 Qg6 24. Nxf6 Bxf6 25. e4 Rdf7 26. Qd1 fxe4 27. dxe4 h5 28.
Qe2 Bg5 29. Bxg5 Qxg5 30. h4 Qg6 31. Kh2 Qh6 32. Rb3 Rf6 33. Qe3 Kh7 34. Qxh6+
Kxh6 35. Kg2 Rg6 36. Kh2 1/2-1/2

[Event "7. Festival Benidorm 2008 - Sub-2000"]
[Site "Benidorm ESP"]
[Date "2008.12.02"]
[Round "4.3"]
[White "Iglesias Fernandez, Luis"]
[Black "Sanchez Lopez, Diego"]
[Result "1/2-1/2"]
[WhiteElo "1925"]
[BlackElo "1983"]
[PlyCount "35"]
[EventDate "2008.11.29"]
[EventRounds "9"]
[EventCountry "ESP"]
[Source "lmi"]
[SourceDate "2008.11.29"]

1. Nf3 d5 2. g3 c6 3. Bg2 e6 4. O-O f5 5. d3 Nf6 6. Bf4 Nbd7 7. Nbd2 Be7 8. e4
fxe4 9. dxe4 O-O 10. exd5 exd5 11. c4 Nc5 12. cxd5 Nxd5 13. Be5 Bg4 14. h3 Bh5
15. Qe2 Re8 16. Qc4 Bf7 17. Qd4 Ne6 18. Qg4 1/2-1/2

[Event "7. Festival Benidorm 2008 - Sub-2000"]
[Site "Benidorm ESP"]
[Date "2008.12.02"]
[Round "4.4"]
[White "Hall, Rachid"]
[Black "Salgado Gonzalez, Julio"]
[Result "1-0"]
[WhiteElo "1981"]
[BlackElo "1905"]
[PlyCount "67"]
[EventDate "2008.11.29"]
[EventRounds "9"]
[EventCountry "ESP"]
[Source "lmi"]
[SourceDate "2008.11.29"]

1. e4 Nc6 2. d4 d5 3. e5 Bf5 4. Nf3 e6 5. Bb5 Qd7 6. Nc3 a6 7. Ba4 h5 8. h3 Be7
9. Ne2 h4 10. Bf4 Nh6 11. Qd2 Be4 12. Bg5 Nf5 13. Bxe7 Kxe7 14. Qg5+ f6 15. Qg4
Bxf3 16. gxf3 b5 17. exf6+ gxf6 18. Bb3 Qd6 19. c3 b4 20. Nf4 Rhg8 21. Nxd5+
Qxd5 22. Bxd5 Rxg4 23. Bxc6 Rgg8 24. Bxa8 Rxa8 25. Ke2 a5 26. Rad1 c6 27. Rd3
Rb8 28. c4 a4 29. Rg1 Kf7 30. d5 exd5 31. cxd5 c5 32. Rc1 Rc8 33. d6 c4 34.
Rdd1 1-0

[Event "7. Festival Benidorm 2008 - Sub-2000"]
[Site "Benidorm ESP"]
[Date "2008.12.02"]
[Round "4.5"]
[White "Perera Borrego, Mariela"]
[Black "Fardbehbahani, B."]
[Result "1-0"]
[WhiteElo "1856"]
[BlackElo "1979"]
[PlyCount "74"]
[EventDate "2008.11.29"]
[EventRounds "9"]
[EventCountry "ESP"]
[Source "lmi"]
[SourceDate "2008.11.29"]

1. d4 d5 2. Nf3 Nf6 3. c4 c6 4. cxd5 cxd5 5. Nc3 e6 6. e3 Bd6 7. Bd3 Nbd7 8.
O-O O-O 9. Re1 Re8 10. e4 dxe4 11. Nxe4 Nxe4 12. Rxe4 Nf8 13. Rh4 Be7 14. Rf4
f5 15. Bc4 Kh8 16. Ne5 Kg8 17. Rxf5 Bf6 18. Be3 Bxe5 19. Rxe5 Bd7 20. Qb3 Kh8
21. Re1 Ng6 22. Bg5 Qc7 23. R5e4 h6 24. Bd2 Nf8 25. Bf4 Qc6 26. Qd3 Rac8 27.
Bb3 a5 28. a4 Qb6 29. R4e2 Qb4 30. Qg3 Nh7 31. h4 Rg8 32. Be5 Qf8 33. Bc2 Rxc2
34. Rxc2 Bxa4 35. Rc7 Bc6 36. Qg6 Bd5 37. Rf7 Qe8 1-0

[Event "7. Festival Benidorm 2008 - Sub-2000"]
[Site "Benidorm ESP"]
[Date "2008.12.02"]
[Round "4.6"]
[White "Tonus, Alex"]
[Black "Romero Gomez, Juan Carlos"]
[Result "1-0"]
[WhiteElo "1971"]
[BlackElo "1839"]
[PlyCount "67"]
[EventDate "2008.11.29"]
[EventRounds "9"]
[EventCountry "ESP"]
[Source "lmi"]
[SourceDate "2008.11.29"]

1. e4 e5 2. Nf3 Nf6 3. Nxe5 d6 4. Nf3 Nxe4 5. d4 d5 6. Bd3 Nc6 7. O-O Be7 8. c4
Nb4 9. cxd5 Nxd3 10. Qxd3 Qxd5 11. Re1 Bf5 12. Nc3 Nxc3 13. Qxc3 Be4 14. Qxc7
Bd6 15. Rxe4+ Qxe4 16. Qxd6 Rd8 17. Qg3 O-O 18. Be3 Rc8 19. Bd2 Rc6 20. Re1 Qd5
21. a3 Rg6 22. Qf4 Rc8 23. Qe4 Qb5 24. Qe5 Qc6 25. Qe4 Qb5 26. d5 h5 27. Bc3
Rc4 28. Qe8+ Qxe8 29. Rxe8+ Kh7 30. Re7 Rf4 31. Kf1 h4 32. h3 Rd6 33. Be5 Rxf3
34. Bxd6 1-0

[Event "7. Festival Benidorm 2008 - Sub-2000"]
[Site "Benidorm ESP"]
[Date "2008.12.02"]
[Round "4.7"]
[White "Rodriguez Marcos, Jose R"]
[Black "Ibanez Guillen, Enrique"]
[Result "1-0"]
[WhiteElo "1967"]
[BlackElo "1836"]
[PlyCount "53"]
[EventDate "2008.11.29"]
[EventRounds "9"]
[EventCountry "ESP"]
[Source "lmi"]
[SourceDate "2008.11.29"]

1. e4 e5 2. Nf3 Nf6 3. Nc3 Nc6 4. Bc4 Bc5 5. d3 d6 6. Bg5 Be6 7. Bb5 h6 8. Bh4
g5 9. Bg3 Bg4 10. h3 Bh5 11. h4 a6 12. Bxc6+ bxc6 13. hxg5 hxg5 14. Qd2 g4 15.
Ng1 Qe7 16. Nge2 Bb4 17. O-O-O Kd7 18. Bh4 g3 19. f3 Rag8 20. Bxg3 Rb8 21. Bh4
d5 22. Qg5 Ba3 23. bxa3 Qxa3+ 24. Kd2 Nxe4+ 25. dxe4 d4 26. Qf5+ Kd6 27. Qf6+
1-0

[Event "7. Festival Benidorm 2008 - Sub-2000"]
[Site "Benidorm ESP"]
[Date "2008.12.02"]
[Round "4.9"]
[White "Voet, Dirk"]
[Black "Rocher Muñoz, Jordi"]
[Result "0-1"]
[WhiteElo "1823"]
[BlackElo "1949"]
[PlyCount "74"]
[EventDate "2008.11.29"]
[EventRounds "9"]
[EventCountry "ESP"]
[Source "lmi"]
[SourceDate "2008.11.29"]

1. e4 d5 2. exd5 Qxd5 3. Nc3 Qd6 4. d4 c6 5. g3 Nf6 6. Bg2 Bf5 7. Nf3 e6 8. O-O
Qc7 9. a3 Nbd7 10. Ne2 Bd6 11. c4 a5 12. Nh4 Bg4 13. f3 Bh5 14. Nf4 Bxf4 15.
Bxf4 Qb6 16. g4 Bg6 17. Qd2 O-O 18. Nxg6 hxg6 19. g5 Nh5 20. Bd6 Rfe8 21. Rae1
Rad8 22. Rf2 c5 23. dxc5 Nxc5 24. Bxc5 Qxc5 25. Qc1 Rd4 26. Bf1 Red8 27. Qe3 b6
28. Qe5 Rd1 29. Qxc5 bxc5 30. Re5 Nf4 31. Rc2 Nd3 32. Re3 Nf4 33. b4 axb4 34.
axb4 cxb4 35. Rb3 R8d3 36. Rxb4 Rxf3 37. Rf2 Nh3+ 0-1

[Event "7. Festival Benidorm 2008 - Sub-2000"]
[Site "Benidorm ESP"]
[Date "2008.12.02"]
[Round "4.10"]
[White "Marquez Ortiz De Zarate, Alberto"]
[Black "Valverde Caballero, Rafael"]
[Result "1/2-1/2"]
[WhiteElo "1755"]
[BlackElo "1948"]
[PlyCount "65"]
[EventDate "2008.11.29"]
[EventRounds "9"]
[EventCountry "ESP"]
[Source "lmi"]
[SourceDate "2008.11.29"]

1. e4 c5 2. Nf3 d6 3. Bb5+ Bd7 4. Bxd7+ Nxd7 5. O-O Ngf6 6. Qe2 e5 7. c4 Be7 8.
Nc3 Nf8 9. d3 Ne6 10. Be3 O-O 11. a4 Nh5 12. Nd5 Nhf4 13. Bxf4 exf4 14. a5 Bf6
15. Rfb1 g5 16. Nd2 Nc7 17. Nxc7 Qxc7 18. Ra3 Qd7 19. h3 b5 20. axb6 axb6 21.
Rba1 Rxa3 22. Rxa3 Bxb2 23. Rb3 Be5 24. Rxb6 Qa7 25. Rb5 Ra8 26. Qg4 h6 27. Nf3
Qa1+ 28. Kh2 Qf1 29. Rb7 Ra1 30. Qc8+ Kg7 31. Rxf7+ Kxf7 32. Nxe5+ dxe5 33.
Qd7+ 1/2-1/2

[Event "7. Festival Benidorm 2008 - Sub-2000"]
[Site "Benidorm ESP"]
[Date "2008.12.02"]
[Round "4.11"]
[White "Martinez Rubi, Alberto"]
[Black "Martinez Rubi, Alberto"]
[Result "0-1"]
[WhiteElo "1999"]
[BlackElo "1999"]
[PlyCount "82"]
[EventDate "2008.11.29"]
[EventRounds "9"]
[EventCountry "ESP"]
[Source "lmi"]
[SourceDate "2008.11.29"]

1. e4 e6 2. d3 d5 3. Nd2 Nf6 4. Ngf3 Nc6 5. g3 dxe4 6. dxe4 Bc5 7. Bg2 e5 8.
O-O Bg4 9. c3 Qe7 10. b4 Bb6 11. a4 a5 12. b5 Nb8 13. Qc2 Nbd7 14. Nb3 Be6 15.
c4 Bg4 16. Ba3 Bc5 17. Nxc5 Nxc5 18. Nd2 b6 19. Nb3 Nfd7 20. f4 f6 21. h3 Be6
22. Nxc5 Nxc5 23. fxe5 fxe5 24. Rf3 O-O-O 25. Qf2 Rd4 26. Bb2 Nd3 27. Bxd4 Nxf2
28. Bxf2 Rf8 29. Rxf8+ Qxf8 30. Rc1 Qa3 31. Rc2 Qxa4 32. Rc1 Qa3 33. Rc2 Qd3
34. Rc1 Qd2 35. Rb1 Bxc4 36. Bf3 Be2 37. Bg2 a4 38. h4 a3 39. Bh3+ Kb7 40. Be6
Qc2 41. Bd5+ Kc8 0-1

[Event "7. Festival Benidorm 2008 - Sub-2000"]
[Site "Benidorm ESP"]
[Date "2008.12.02"]
[Round "4.13"]
[White "Calderon Campos, Jose Carlos"]
[Black "Leroux, Mathieu"]
[Result "1/2-1/2"]
[WhiteElo "1846"]
[BlackElo "1996"]
[PlyCount "89"]
[EventDate "2008.11.29"]
[EventRounds "9"]
[EventCountry "ESP"]
[Source "lmi"]
[SourceDate "2008.11.29"]

1. e4 c5 2. Nc3 e6 3. f4 Nc6 4. Nf3 a6 5. g3 b5 6. Bg2 Bb7 7. d3 Be7 8. O-O d6
9. Be3 Nf6 10. h3 Qc7 11. Ne2 d5 12. e5 Nd7 13. c3 Nb6 14. Bf2 c4 15. d4 b4 16.
cxb4 Nxb4 17. Ne1 a5 18. a3 Nc6 19. Nc3 a4 20. f5 Qd7 21. Qg4 O-O-O 22. Be3 g6
23. fxe6 fxe6 24. Nc2 h5 25. Qe2 Rdf8 26. Rxf8+ Rxf8 27. Rf1 Qe8 28. Qd2 Rxf1+
29. Bxf1 Qf8 30. Bg2 Kd7 31. Bg5 Qf5 32. Bxe7 Kxe7 33. Nb5 Bc8 34. Nd6 Qd3 35.
Qf2 Kd7 36. Qf7+ Kd8 37. Qf8+ Kc7 38. Nb5+ Kb7 39. Nb4 Qd1+ 40. Kh2 Nxb4 41.
Qxb4 Qb3 42. Qa5 Kc6 43. Na7+ Kb7 44. Nb5 Kc6 45. Na7+ 1/2-1/2